| 000 | 00692nam a2200229 i 4500 | ||
|---|---|---|---|
| 001 | bg | ||
| 100 | 1 |
_aKOSMA, Zbigniew _d(1949- ). |
|
| 245 | 1 | 0 |
_aMetody numeryczne dla zastoswań inżynierskich / _cZbigniew Kosma ; Politechnika Radomska im. Kazimierza Pułaskiego. |
| 260 |
_aRadom : _bPR, _c1999. |
||
| 300 |
_a523 s. : _bwykr. ; _c24 cm + _edyskietka. |
||
| 504 | _aBibliogr. s. 521-523. | ||
| 650 | 9 | _aAnaliza numeryczna | |
| 655 | _aPodręczniki akademickie | ||
| 710 | 0 | _aPolitechnika Radomska | |
| 020 | _a8388001809 | ||
| 040 | _cBPK | ||
| 041 | 0 | _apl | |
| 080 | _a519.61/.65(075.8) | ||
| 920 | _a83-88001-80-9 | ||
| 942 | _cKS | ||
| 008 | s pl f |000 0 pol | ||
| 999 |
_c36343 _d36343 |
||
| 856 |
_uhttp://koha.tu.koszalin.pl/cgi-bin/koha/opac-detail.pl?biblionumber=36343 _yKatalog online BPK |
||